00245nam a2200109Ia 4500008004100000100001000041245003000051260001600081260000900097546001200106999001700118170619s9999 xx 000 0 und d aKorth 0aDatabase Systems Concepts bLondon; MGH c2002 aENGLISH c17399d17399